| 000 | 00426nam a2200145Ia 4500 | ||
|---|---|---|---|
| 008 | 210210b1977 xxu||||| |||| 00| 0 eng d | ||
| 082 | _a954.03 GRON | ||
| 100 | _aGROVER (B L) and SETHI (R R). | ||
| 245 | _aNew look on modern Indian history. (from 1707 to the present day). Rev Ed 4. | ||
| 250 | _a | ||
| 260 |
_aNew Delhi. _bS. Chand & Co. Ltd. _c1977 |
||
| 300 | _axiv,549 | ||
| 690 | _aIndian History | ||
| 906 | _aSG00727 | ||
| 999 |
_c112383 _d112383 |
||